000 00447pab a2200157 454500
008 180718b1998 xxu||||| |||| 00| 0 eng d
100 _aGupta, D.N.
245 _aNeed for effective policy of sustainable technology for development of rural areas
260 _c1998
300 _ap.511-27
362 _aJul-Sep
650 _aRural development - India
650 _aRural development
773 _aJournal of Rural Development
909 _a39080
999 _c39080
_d39080